00438nam a2200145 a 450000500170000000800410001702000150005805000230007310000200009624500500011626000640016630000220023052100090025265000310026120140310183303.0050704s19uu xx 00 eng d a8174732241 aHF 5635b.K13 2003 aKaila, Dr. H.L. aOrganizational behaviour & hrm/.cH.L. Kaila. aNew Delhi :bA.I.T.B.S. Publishers and Distributors,c2003. a192 p. :c23 cm.  aBSBA aHuman resource management.